|
|
|
|
| LEADER |
00000nab a2200000 a 4500 |
| 001 |
vtls000884107 |
| 003 |
SK-MaSNL |
| 005 |
20260304124116.0 |
| 008 |
250429c2002 xo 0 slo |
| 015 |
|
|
|a SNBRA2004/09-26298
|
| 035 |
|
|
|a CLN000235573
|
| 035 |
|
|
|a urn:nbn:sk:snk-abt7l
|
| 035 |
|
|
|a (urnnbn)urn:nbn:sk:snk:ar-a03xqj
|
| 035 |
|
|
|a (uuid)3a4567d0-2d62-4114-87e9-17eeae0a7457
|
| 040 |
|
|
|a SNKBUCL
|b slo
|c SNKBUCL
|e AACR2
|
| 041 |
0 |
|
|a slo
|
| 044 |
|
|
|a xo
|c SK
|
| 080 |
|
|
|a 902.2(437.6)
|2 1997
|
| 100 |
1 |
|
|a Malček, Róbert,
|d 1969-
|4 aut
|9 11765
|
| 245 |
1 |
0 |
|a Prieskum Pliešovskej kotliny
|c Róbert Malček - Tibor Pálinkás - Ján Zachar
|
| 504 |
|
|
|a Res. nem.
|
| 504 |
|
|
|a Bibliogr. odkaz
|
| 650 |
0 |
7 |
|a archeologické výskumy
|2 SNKPH
|9 74796
|
| 651 |
|
7 |
|a Sása (Lehnice, Slovensko)
|2 snkbucl
|9 176772
|
| 651 |
|
7 |
|a Chránená krajinná oblasť Pliešovská kotlina (Slovensko)
|2 snkbucl
|9 74464
|
| 651 |
|
7 |
|a Krupina (Slovensko)
|2 snkbucl
|9 17094
|
| 651 |
|
7 |
|a Neresnica (Slovensko : rieka)
|2 SNKPHgeo
|9 162856
|
| 651 |
|
7 |
|a Pliešovce (Slovensko)
|2 snkbucl
|9 75653
|
| 655 |
|
7 |
|a články zo zborníkov
|2 snkbucl
|9 166140
|
| 700 |
1 |
|
|a Zachar, Ján,
|c archeológ
|4 aut
|9 82083
|
| 700 |
1 |
|
|a Pálinkás, Tibor
|4 aut
|9 684258
|
| 773 |
0 |
|
|t Archeologické výskumy a nálezy na Slovensku v roku 2001. 1., Textová časť
|d Nitra : Archeologický ústav Slovenskej akadémie vied, 2002
|g S. 128-130
|x 0231-925X
|z 8088709598
|
| 850 |
|
|
|a Slovenská národná knižnica
|
| 852 |
|
|
|a Slovenská národná knižnica
|
| 954 |
|
|
|a odborná, vedecká literatúra pôvodná (slovenská)
|2 lita
|
| 957 |
|
|
|a 605
|
| 957 |
|
|
|a 611
|
| 958 |
|
|
|a article27
|
| 958 |
|
|
|a NB
|
| 958 |
|
|
|a OND
|
| 958 |
|
|
|a EUIPO
|
| 999 |
|
|
|c 2890607
|d 2892537
|